[Event "Kalamazoo op10"]
[Site "Kalamazoo"]
[Date "1999.10.16"]
[Round "1"]
[White "Kizer, Gerald"]
[Black "Stewart, Charles"]
[Result "1/2-1/2"]
[WhiteElo "1468"]
[BlackElo "1442"]
[PlyCount "57"]
[EventDate "1999.10.16"]
[EventType "swiss"]
[EventRounds "3"]
[EventCountry "USA"]
[SourceTitle "EXT 2007"]
[Source "ChessBase"]
[SourceDate "2006.11.23"]
[SourceVersion "1"]
[SourceVersionDate "2006.11.23"]
[SourceQuality "1"]

1. e4 c6 2. d4 d5 3. Nd2 dxe4 4. Nxe4 Bf5 5. Ng3 Nf6 6. Nxf5 Qa5+ 7. c3 Qxf5 8. Nf3 Qd5 9. c4 Qd8 10. Be2 e6 11. 0-0 Bd6 12. Bg5 h6 13. Be3 0-0 14. Qc2 Nbd7 15. Rac1 Qb8 16. h3 a6 17. a3 Kh8 18. b4 Bf4 19. Qd2 Bxe3 20. Qxe3 Qd6 21. Ne5 Qc7 22. f4 Qb6 23. g4 Rad8 24. g5 hxg5 25. fxg5 Nxe5 26. gxf6 Qxd4 27. Qxd4 Rxd4 28. fxg7+ Kxg7 29. Kh1 1/2-1/2